000 00515nam a22001457a 4500
003 macl
005 20180428144023.0
008 180428b xxu||||| |||| 00| 0 eng d
040 _cmacl
100 _aविजय चितौरी
_971943
245 _aअन्‍तरिक्ष मेें चुनौतीपूर्ण जीवन
260 _aइलाहाबाद
_bलोकसाहित्‍य
_c2015
650 _aअन्‍तरिक्ष ज्ञान
_972452
942 _2ddc
_cHIN
999 _c58024
_d58024